Normal view
MARC view
- Anthony E.Armenakas,phd
Entry Personal Name
001 - CONTROL NUMBER
- control field: 54211
003 - CONTROL NUMBER IDENTIFIER
- control field: NUST
005 - DATE AND TIME OF LATEST TRANSACTION
- control field: 20210421115919.0
008 - FIXED-LENGTH DATA ELEMENTS
- fixed length control field: 210421|| aca||aabn | a|a d
040 ## - CATALOGING SOURCE
- Original cataloging agency: NUST
- Transcribing agency: NUST
100 ## - HEADING--PERSONAL NAME
- Personal name: Anthony E.Armenakas,phd
670 ## - SOURCE DATA FOUND
- Source citation: Work cat.: (NUST): Anthony E.Armenakas,phd, Advanced Mechanics of Materials and Applied Elasticity, 2006
